<?xml version="1.0" encoding="UTF-8"?><?xml-stylesheet type="text/xsl" href="static/style.xsl"?><OAI-PMH xmlns="http://www.openarchives.org/OAI/2.0/" xmlns:xsi="http://www.w3.org/2001/XMLSchema-instance" xsi:schemaLocation="http://www.openarchives.org/OAI/2.0/ http://www.openarchives.org/OAI/2.0/OAI-PMH.xsd"><responseDate>2026-04-14T03:07:07Z</responseDate><request verb="GetRecord" identifier="oai:www.recercat.cat:10459.1/72516" metadataPrefix="marc">https://recercat.cat/oai/request</request><GetRecord><record><header><identifier>oai:recercat.cat:10459.1/72516</identifier><datestamp>2024-12-05T21:38:47Z</datestamp><setSpec>com_2072_3622</setSpec><setSpec>col_2072_479130</setSpec></header><metadata><record xmlns="http://www.loc.gov/MARC21/slim" xmlns:dcterms="http://purl.org/dc/terms/" xmlns:xsi="http://www.w3.org/2001/XMLSchema-instance" xmlns:doc="http://www.lyncode.com/xoai" xsi:schemaLocation="http://www.loc.gov/MARC21/slim http://www.loc.gov/standards/marcxml/schema/MARC21slim.xsd">
   <leader>00925njm 22002777a 4500</leader>
   <datafield ind2=" " ind1=" " tag="042">
      <subfield code="a">dc</subfield>
   </datafield>
   <datafield ind2=" " ind1=" " tag="720">
      <subfield code="a">Adamo, Irene</subfield>
      <subfield code="e">author</subfield>
   </datafield>
   <datafield ind2=" " ind1=" " tag="720">
      <subfield code="a">Castaño Soler, Carles</subfield>
      <subfield code="e">author</subfield>
   </datafield>
   <datafield ind2=" " ind1=" " tag="720">
      <subfield code="a">Bonet Lledos, José Antonio</subfield>
      <subfield code="e">author</subfield>
   </datafield>
   <datafield ind2=" " ind1=" " tag="720">
      <subfield code="a">Colinas, C. (Carlos)</subfield>
      <subfield code="e">author</subfield>
   </datafield>
   <datafield ind2=" " ind1=" " tag="720">
      <subfield code="a">Martínez de Aragón, Juan</subfield>
      <subfield code="e">author</subfield>
   </datafield>
   <datafield ind2=" " ind1=" " tag="720">
      <subfield code="a">Alday, Josu G.</subfield>
      <subfield code="e">author</subfield>
   </datafield>
   <datafield ind2=" " ind1=" " tag="260">
      <subfield code="c">2021-12-10T09:56:44Z</subfield>
   </datafield>
   <datafield ind2=" " ind1=" " tag="260">
      <subfield code="c">2021-12-10T09:56:44Z</subfield>
   </datafield>
   <datafield ind2=" " ind1=" " tag="260">
      <subfield code="c">2021</subfield>
   </datafield>
   <datafield ind2=" " ind1=" " tag="520">
      <subfield code="a">Understanding whether the occurrences of ectomycorrhizal species in a given tree host arephylogenetically determined can help in assessing different conservational needs for each fungalspecies. In this study, we characterized ectomycorrhizal phylogenetic composition and phylogeneticstructure in 42 plots with five different Mediterranean pine forests: i.e., pure forests dominated byP.nigra,P. halepensis, andP. sylvestris, and mixed forests ofP. nigra-P. halepensisandP. nigra-P. sylvestris,and tested whether the phylogenetic structure of ectomycorrhizal communities differs among these.We found that ectomycorrhizal communities were not different among pine tree hosts neither inphylogenetic composition nor in structure and phylogenetic diversity. Moreover, we detected a weakabiotic filtering effect (4%), with pH being the only significant variable influencing the phylogeneticectomycorrhizal community, while the phylogenetic structure was slightly influenced by the sharedeffect of stand structure, soil, and geographic distance.  However, the phylogenetic communitysimilarity increased at lower pH values, supporting that fewer, closely related species were found atlower pH values. Also, no phylogenetic signal was detected among exploration types, although shortand contact were the most abundant types in these forest ecosystems. Our results demonstrate thatpH but not tree host, acts as a strong abiotic filter on ectomycorrhizal phylogenetic communities inMediterranean pine forests at a local scale. Finally, our study shed light on dominant ectomycorrhizalforaging strategies in drought-prone ecosystems such as Mediterranean forests.</subfield>
   </datafield>
   <datafield ind2=" " ind1=" " tag="520">
      <subfield code="a">This project has received funding from the European Unions H2020 research and innovation programme under Marie Sklodowska-Curie grant agreement No 801586. This work was partially supported by the Spanish Ministry of Science, Innovation and Universities, grants RTI2018-099315-A-I00. I.A. was supported by a H2020-Marie Slodowska Curie Action Cofund fellowship (801596), J.G.A. was supported by Ramon y Cajal fellowship (RYC-2016-20528) and J.A.B. benefitted from a Serra-Hunter Fellowship provided by the Generalitat of Catalunya.</subfield>
   </datafield>
   <datafield ind1="8" ind2=" " tag="024">
      <subfield code="a">http://hdl.handle.net/10459.1/72516</subfield>
   </datafield>
   <datafield tag="653" ind2=" " ind1=" ">
      <subfield code="a">DNA metabarcoding</subfield>
   </datafield>
   <datafield tag="653" ind2=" " ind1=" ">
      <subfield code="a">Phylogenetic structure</subfield>
   </datafield>
   <datafield tag="653" ind2=" " ind1=" ">
      <subfield code="a">Habitat filtering</subfield>
   </datafield>
   <datafield tag="653" ind2=" " ind1=" ">
      <subfield code="a">Boscos i silvicultura</subfield>
   </datafield>
   <datafield tag="653" ind2=" " ind1=" ">
      <subfield code="a">Fongs</subfield>
   </datafield>
   <datafield ind2="0" ind1="0" tag="245">
      <subfield code="a">Lack of phylogenetic differences in ectomycorrhizal fungi among distinct mediterranean pine forest habitats</subfield>
   </datafield>
</record></metadata></record></GetRecord></OAI-PMH>